| 000 | 00392pab a2200169 454500 | ||
|---|---|---|---|
| 008 | 180718b2009 xxu||||| |||| 00| 0 eng d | ||
| 100 | _aRai Choudhuri, Dipanjan | ||
| 245 | _aPolitical struggle within the CPI-M | ||
| 260 | _c2009 | ||
| 300 | _ap.13-14. | ||
| 362 | _a12 Sep | ||
| 650 | _aCPI(M) | ||
| 650 | _aPolitical parties | ||
| 773 | _aMainstream | ||
| 908 | _aN | ||
| 909 | _a83970 | ||
| 999 |
_c83970 _d83970 |
||